000 00760nam a2200241 a 4500
001 BRCA_7438
005 20190320205833.0
008 110413s1950----mx-a######---#000-0#spa-#
041 _aspa
044 _amx
050 4 _aZ5956
_b.C37 1950
100 1 _aCaso, Alfonso
_917369
245 1 0 _aBibliografía de las artes populares plásticas de México
_cAlfonso Caso.
260 _aMéxico
_bInstituto Nacional Indigenista
_c1950
300 _app. 83-132
_bil. (algunas a color), 16 láminas
440 0 _aMemorias del Instituto Nacional Indigenista
_vv.1, no.2
_918323
500 _aDedicatoria del autor al Sr. Franz Mayer
500 _aQ189
650 1 4 _aArte popular
_97800
651 4 _aMéxico
_vBibliografía
_96829
902 _aGFM
942 _2lcc
_cB
999 _c7114
_d7114